• 首页
  • 本馆介绍
  • 公告通知
  • 最新文献
  • 馆藏检索
  • 电子资源
  • 读者导购
  • 参考咨询
  • 我的图书馆
  • 登录
  • 详细信息显示
  • 放入我的书架
  • 预约/预借图书
  • 作者相关作品
  • 分类相关作品
  • 丛书相关作品
  • 出版社相关作品

书目信息

  • 表格格式
  • 工作单格式
  • 卡片格式
题名:
瓦尔登湖
    
 
作者: 梭罗 著 ;李爱军 译
分册:  
出版信息: 上海   上海科学普及出版社  2014
页数: 236页
开本: 23cm
丛书名: 世界科普巨匠经典译丛
单 册:
中图分类: I712.65
科图分类:
主题词: 随笔--作品集--美国--现代 , 随笔
电子资源:
ISBN: 978-7-5427-5974-0
000 00755nam0 2200253 450
001 2367631669
005 20231229184737.77
010    @a978-7-5427-5974-0@dCNY 39.80
100    @a20140516d2014 em y0chiy0120 ea
101 1  @achi@ceng
102    @aCN@b310000
105    @ay z 000cy
200 1  @a瓦尔登湖@Awa er deng hu@b专著@f(美)梭罗著@g李爱军译
210    @a上海@c上海科学普及出版社@d2014
215    @a236页@d23cm
225 1  @a世界科普巨匠经典译丛@h第四辑
300    @a青少年科普图书馆
606 0  @a随笔@x作品集@y美国@z现代
606 0  @a随笔
690    @aI712.65@v5
701  0 @c(美)@a梭罗@Asuo luo@c(Thoreau, Henry David@f1817 1862)@4著
702  0 @a李爱军@Ali ai jun@4译
801  2 @aCN@b辽宁北配@c20231205
905    @aBZT@dI712.65@e105
    
    瓦尔登湖/(美)梭罗著/李爱军译.-上海:上海科学普及出版社,2014
    236页;23cm.-(世界科普巨匠经典译丛.第四辑)
    青少年科普图书馆
    
    ISBN 978-7-5427-5974-0:CNY 39.80
    
●
相关链接 在五车中查询图书 在当当中查询图书 在豆瓣中查询图书


正题名:瓦尔登湖     索取号:I712.65/105         预约/预借

序号 登录号 条形码 馆藏地/架位号 状态 备注
1 2001720732   2001720732   辽三/辽宁北配(第三批)/4284/ [索取号:I712.65/105] 在馆    
2 2001720733   2001720733   辽三/辽宁北配(第三批)/4284/ [索取号:I712.65/105] 在馆    
3 2001720734   2001720734   辽三/辽宁北配(第三批)/4284/ [索取号:I712.65/105] 在馆    
4 2001720735   2001720735   辽三/辽宁北配(第三批)/4284/ [索取号:I712.65/105] 在馆    
5 2001720736   2001720736   辽三/辽宁北配(第三批)/4284/ [索取号:I712.65/105] 在馆    
6 2001720737   2001720737   辽三/辽宁北配(第三批)/4284/ [索取号:I712.65/105] 在馆    
7 2001720738   2001720738   辽三/辽宁北配(第三批)/4284/ [索取号:I712.65/105] 在馆    
8 2001720739   2001720739   辽三/辽宁北配(第三批)/4284/ [索取号:I712.65/105] 在馆    
9 2001720740   2001720740   辽三/辽宁北配(第三批)/4284/ [索取号:I712.65/105] 在馆    
10 2001720741   2001720741   辽三/辽宁北配(第三批)/4284/ [索取号:I712.65/105] 在馆    
11 2001720742   2001720742   辽三/辽宁北配(第三批)/4284/ [索取号:I712.65/105] 在馆    
12 2001720743   2001720743   辽三/辽宁北配(第三批)/4284/ [索取号:I712.65/105] 在馆    
13 2001720744   2001720744   辽三/辽宁北配(第三批)/4284/ [索取号:I712.65/105] 在馆    
14 2001720745   2001720745   辽三/辽宁北配(第三批)/4284/ [索取号:I712.65/105] 在馆    
15 2001720746   2001720746   辽三/辽宁北配(第三批)/4284/ [索取号:I712.65/105] 在馆    
16 2001720747   2001720747   辽三/辽宁北配(第三批)/4284/ [索取号:I712.65/105] 在馆    
17 2001720748   2001720748   辽三/辽宁北配(第三批)/4284/ [索取号:I712.65/105] 在馆    
18 2001720749   2001720749   辽三/辽宁北配(第三批)/4284/ [索取号:I712.65/105] 在馆    
19 2001720750   2001720750   辽三/辽宁北配(第三批)/4284/ [索取号:I712.65/105] 在馆    
20 2001720751   2001720751   辽三/辽宁北配(第三批)/4284/ [索取号:I712.65/105] 在馆    
21 2001720752   2001720752   辽三/辽宁北配(第三批)/4284/ [索取号:I712.65/105] 在馆    
22 2001720753   2001720753   辽三/辽宁北配(第三批)/4284/ [索取号:I712.65/105] 在馆    
23 2001720754   2001720754   辽三/辽宁北配(第三批)/4284/ [索取号:I712.65/105] 在馆    
24 2001720755   2001720755   辽三/辽宁北配(第三批)/4284/ [索取号:I712.65/105] 在馆    
25 2001720756   2001720756   辽三/辽宁北配(第三批)/4284/ [索取号:I712.65/105] 在馆    
26 2001720757   2001720757   辽三/辽宁北配(第三批)/4284/ [索取号:I712.65/105] 在馆    
27 2001720758   2001720758   辽三/辽宁北配(第三批)/4284/ [索取号:I712.65/105] 在馆    
28 2001720759   2001720759   辽三/辽宁北配(第三批)/4284/ [索取号:I712.65/105] 在馆    
29 2001720760   2001720760   辽三/辽宁北配(第三批)/4284/ [索取号:I712.65/105] 在馆    
30 2001720761   2001720761   辽三/辽宁北配(第三批)/4284/ [索取号:I712.65/105] 在馆    
山东省滨州职业学院图书馆 欢迎您!
大连网信软件有限公司© 版权所有